| 000 | 00847nam a2200265Ia 4500 | ||
|---|---|---|---|
| 003 | OSt | ||
| 005 | 20220926000904.0 | ||
| 006 | a|||||r|||| 00| 0 | ||
| 007 | ta | ||
| 008 | 220923b |||||||| |||| 00| 0 eng d | ||
| 020 |
_a9788126550463 _c2545.75 |
||
| 037 |
_bABPL/AD/14-15/65, 19/02/2015, Ane Books Pvt Ltd _cGeneral Book |
||
| 040 |
_aRTL _cRTL _beng |
||
| 041 |
_2eng _aeng |
||
| 082 | _aXM5:8, P8 | ||
| 100 |
_aSTEGER Ulrich _9303166 |
||
| 245 | 0 |
_aCorporate governance _b How to add value |
|
| 260 |
_a New Delhi _bJohn Wiley _c2008 |
||
| 300 |
_axv,292p. _ccm. |
||
| 500 | _aBibliograpgy: P 345-385 | ||
| 650 | _aCommerce | ||
| 700 |
_a AMANN Wolfgang _9303167 |
||
| 942 |
_hXM5:8, P8 _cGB _2CC |
||
| 999 |
_c599971 _d599971 |
||